Vista normal
Vista MARC
Entrada Personal Name
Número de registros utilizados en: 1
001 - CONTROL NUMBER
- control field: 37622
003 - CONTROL NUMBER IDENTIFIER
- control field: OSt
005 - DATE AND TIME OF LATEST TRANSACTION
- control field: 20210514094727.0
008 - FIXED-LENGTH DATA ELEMENTS
- fixed length control field: 210514|| aca||aabn | a|a d
040 ## - CATALOGING SOURCE
- Original cataloging agency: OSt
- Transcribing agency: OSt
100 ## - HEADING--PERSONAL NAME
- Personal name: Talvi, Ernesto
670 ## - SOURCE DATA FOUND
- Source citation: Work cat.: (OSt)11721: Izquierdo, Alejandro, autor 16733, One region, two speeds? : , 2011.